000 00622cam a2200217 4500500
005 20260405001645.0
041 _afre
042 _adc
100 1 0 _aDuru, Martin
_eauthor
245 0 0 _aD’autres conceptions de la culpabilité…
260 _c2013.
500 _a69
690 _aHegel
690 _aLevinas
690 _aMartin Duru
690 _aNietzsche
690 _aRicœur
690 _aSaint Paul
786 0 _nPhilosophie magazine | 75 | 12 | 2013-12-01 | p. 50-50 | 1951-1787
856 4 1 _uhttps://shs.cairn.info/magazine-philosophie-magazine-2013-12-page-50?lang=fr&redirect-ssocas=7080
999 _c2049760
_d2049760